Normal view
MARC view
- التلمود-اليهودية-الصهيونية
Entry Topical Term
001 - CONTROL NUMBER
- control field: 35550
003 - CONTROL NUMBER IDENTIFIER
- control field: JO-AjAnu
005 - DATE AND TIME OF LATEST TRANSACTION
- control field: 20230606075938.0
008 - FIXED-LENGTH DATA ELEMENTS
- fixed length control field: 230606|| aca||aabn | a|a d
040 ## - CATALOGING SOURCE
- Original cataloging agency: JO-AjAnu
- Transcribing agency: JO-AjAnu
150 ## - HEADING--TOPICAL TERM
- Topical term or geographic name entry element: التلمود-اليهودية-الصهيونية
670 ## - SOURCE DATA FOUND
- Source citation: Work cat.: (JO-AjAnu)18256: مصالحة، عمر أمين ، دار الجليل للنشر /اعداد, author 35549, التلمود المرجعية اليهودية للتشريعات الدينية والاجتماعية